The inner planets : Mercury, Venus, and Mars / edited by Sherman Hollar. (Record no. 20619)

000 -LEADER
fixed length control field 00892nam a22002057a 4500
020 ## - INTERNATIONAL STANDARD BOOK NUMBER
ISBN 9781615305612(ebk)
082 ## - DEWEY DECIMAL CLASSIFICATION NUMBER
Classification number 523.4
Item number T3744 2012
245 ## - TITLE STATEMENT
Title The inner planets : Mercury, Venus, and Mars / edited by Sherman Hollar.
260 ## - PUBLICATION, DISTRIBUTION, ETC. (IMPRINT)
Place of publication New York, NY :
Name of publisher Britannica Educational Publishing,
Year of publication ©2012.
300 ## - PHYSICAL DESCRIPTION
Number of Pages 1 online resource, 96 pages :
Other physical details color illustrations.
490 ## - SERIES STATEMENT
Series statement (The solar system)
500 ## - GENERAL NOTE
General note Includes bibliographical references and index.
520 ## - SUMMARY, ETC.
Summary, etc Examines the characteristics and facts about Mercury, Venus and Mars - the three smallest planets closest to the Sun, and neighbors to Earth
650 ## - SUBJECT ADDED ENTRY--TOPICAL TERM
Topical Term Inner planets—Juvenile literature.
650 ## - SUBJECT ADDED ENTRY--TOPICAL TERM
Topical Term Mercury (Planet)—Juvenile literature.
650 ## - SUBJECT ADDED ENTRY--TOPICAL TERM
Topical Term Venus (Planet)—Juvenile literature.
650 ## - SUBJECT ADDED ENTRY--TOPICAL TERM
Topical Term Mars (Planet)—Juvenile literature.
700 ## - ADDED ENTRY--PERSONAL NAME
Personal name Hollar, Sherman, editor.
942 ## - ADDED ENTRY ELEMENTS (KOHA)
Koha item type Electronic Books
Holdings
Source of acquisition Permanent Location Date acquired Collection code Koha item type Lost status Shelving location Withdrawn status Current Location Full call number
DonationCagayan State University - Carig Library2025-06-19E-BooksElectronic Books Electronic Media Center Cagayan State University - Carig Library523.4 T3744 2012

Cagayan State University University Library, Carig Campus
Tuguegarao City, Cagayan 3500 | www.csucarig.edu.ph

Powered by Koha